[Event "Edmonton op"]
[Site "Edmonton CAN"]
[Date "2008.07.10"]
[Round "2"]
[White "Razzaq, Ali"]
[Black "Zeggelaar, Mike"]
[Result "1-0"]
[WhiteElo "1886"]
[BlackElo "1697"]
[PlyCount "83"]
[GameId "2160767910354376"]
[EventDate "2008.07.03"]
[EventType "swiss"]
[EventRounds "5"]
[EventCountry "CAN"]
[SourceTitle "EXT 2011"]
[Source "ChessBase"]
[SourceDate "2011.11.26"]
[SourceVersion "1"]
[SourceVersionDate "2011.11.26"]
[SourceQuality "1"]

1. d4 Nf6 2. c4 g6 3. Nc3 Bg7 4. e4 d6 5. f4 O-O 6. Nf3 c5 7. d5 e6 8. Be2 exd5 9. cxd5 Re8 10. e5 dxe5 11. fxe5 Nfd7 12. Bg5 Qb6 13. O-O Nxe5 14. d6 Be6 15. Nxe5 Bxe5 16. Nd5 Bd4+ 17. Qxd4 cxd4 18. Nxb6 axb6 19. Bb5 Bd7 20. Bc4 Be6 21. Bxe6 Rxe6 22. Rfe1 Kf8 23. Rac1 Nc6 24. Rxe6 fxe6 25. Rxc6 bxc6 26. d7 d3 27. Kf1 e5 28. d8=Q+ Rxd8 29. Bxd8 b5 30. Ke1 c5 31. Bc7 e4 32. Bd6+ Kf7 33. Bxc5 Ke6 34. Kd2 Kd5 35. Be3 Kc4 36. Bh6 b4 37. a4 bxa3 38. bxa3 Kb3 39. Ke3 d2 40. Kxd2 Kxa3 41. Ke3 Kb4 42. Kxe4 1-0

[Event "Edmonton op"]
[Site "Edmonton CAN"]
[Date "2008.07.10"]
[Round "2"]
[White "Rekhson, Vladislav"]
[Black "Wu, Allan"]
[Result "1-0"]
[WhiteElo "2191"]
[BlackElo "1879"]
[PlyCount "69"]
[GameId "2160767910354377"]
[EventDate "2008.07.03"]
[EventType "swiss"]
[EventRounds "5"]
[EventCountry "CAN"]
[SourceTitle "EXT 2011"]
[Source "ChessBase"]
[SourceDate "2011.11.26"]
[SourceVersion "1"]
[SourceVersionDate "2011.11.26"]
[SourceQuality "1"]

1. e4 c5 2. Nf3 Nc6 3. Bb5 g6 4. O-O Bg7 5. Bxc6 bxc6 6. d3 d6 7. h3 Nf6 8. Nc3 Nd7 9. Bg5 Rb8 10. Rb1 h6 11. Be3 O-O 12. Nd2 Nb6 13. f4 a5 14. f5 d5 15. Bxc5 d4 16. Ne2 Na4 17. Ba3 Qc7 18. fxg6 fxg6 19. Rxf8+ Kxf8 20. Qf1+ Kg8 21. Qf4 e5 22. Qg3 Kh7 23. Nc4 c5 24. b3 Be6 25. Qe1 Bxc4 26. dxc4 Qb7 27. Rd1 Nb6 28. Nc1 Nd7 29. Nd3 Qc6 30. Qh4 Bf6 31. Qg4 Bg7 32. Rf1 Nf6 33. Qxg6+ Kh8 34. Nxe5 Rb7 35. Nxc6 1-0

[Event "Edmonton op"]
[Site "Edmonton CAN"]
[Date "2008.07.10"]
[Round "2"]
[White "Sequillion, Aaron"]
[Black "Hughey, Micah"]
[Result "0-1"]
[WhiteElo "1816"]
[BlackElo "2207"]
[PlyCount "67"]
[GameId "2160767910354379"]
[EventDate "2008.07.03"]
[EventType "swiss"]
[EventRounds "5"]
[EventCountry "CAN"]
[SourceTitle "EXT 2011"]
[Source "ChessBase"]
[SourceDate "2011.11.26"]
[SourceVersion "1"]
[SourceVersionDate "2011.11.26"]
[SourceQuality "1"]

1. d4 d5 2. Nf3 c5 3. e3 e6 4. c4 Nf6 5. Nc3 Nc6 6. Be2 dxc4 7. Bxc4 Be7 8. O-O O-O 9. a3 a6 10. dxc5 Bxc5 11. b4 Be7 12. Bb2 b5 13. Be2 Bb7 14. Qc2 Rc8 15. Rfd1 Qb6 16. Rd2 Ng4 17. Rad1 Nce5 18. Nd4 Nf6 19. Qb1 Nc4 20. Bxc4 Rxc4 21. Nce2 Ne4 22. Rd3 Nd6 23. Qa1 Be4 24. Rc3 Rfc8 25. Nb3 Bc2 26. Rxc2 Rxc2 27. Ned4 R2c7 28. Nc5 Nc4 29. Ndb3 Nxb2 30. Qxb2 Bxc5 31. Nxc5 h6 32. Qd2 a5 33. h3 axb4 34. axb4 0-1

[Event "Edmonton op"]
[Site "Edmonton CAN"]
[Date "2008.07.10"]
[Round "2"]
[White "Stark, Mark"]
[Black "Laboucane, Randy"]
[Result "0-1"]
[WhiteElo "1955"]
[BlackElo "1793"]
[PlyCount "98"]
[GameId "2160767910354380"]
[EventDate "2008.07.03"]
[EventType "swiss"]
[EventRounds "5"]
[EventCountry "CAN"]
[SourceTitle "EXT 2011"]
[Source "ChessBase"]
[SourceDate "2011.11.26"]
[SourceVersion "1"]
[SourceVersionDate "2011.11.26"]
[SourceQuality "1"]

1. d4 e6 2. c4 b6 3. Nf3 Bb7 4. g3 Be7 5. Bg2 f5 6. Nc3 Nf6 7. O-O O-O 8. e4 Nxe4 9. Re1 Bb4 10. Qb3 Bxc3 11. bxc3 Nc6 12. Ba3 Na5 13. Qc2 Rf6 14. c5 Nc4 15. Bc1 bxc5 16. dxc5 Rf8 17. Qa4 Bd5 18. Bf1 Nxc5 19. Qb4 Bxf3 20. Qxc5 Nd6 21. Ba3 Ne4 22. Qxf8+ Qxf8 23. Bxf8 Rxf8 24. Re3 Bh5 25. Bg2 Nd6 26. f4 Rb8 27. Rd3 Rb2 28. Rd4 Rc2 29. c4 Kf7 30. Bf1 Ke7 31. c5 Rxc5 32. Ra4 a5 33. Bg2 Nc8 34. Re1 d6 35. Ra3 Kf6 36. Rae3 e5 37. h3 Bf7 38. a3 e4 39. g4 g6 40. Bf1 d5 41. Rd1 Ne7 42. g5+ Kg7 43. a4 Nc6 44. Rb3 Nb4 45. Rd4 Rc1 46. Kf2 c5 47. Rd2 d4 48. Rxb4 axb4 49. Rb2 e3+ 0-1

[Event "Edmonton op"]
[Site "Edmonton CAN"]
[Date "2008.07.10"]
[Round "2"]
[White "Stark, Mark"]
[Black "Laboucane, Randy"]
[Result "0-1"]
[WhiteElo "1955"]
[BlackElo "1793"]
[PlyCount "43"]
[GameId "2160767910354381"]
[EventDate "2008.07.03"]
[EventType "swiss"]
[EventRounds "5"]
[EventCountry "CAN"]
[SourceTitle "EXT 2011"]
[Source "ChessBase"]
[SourceDate "2011.11.26"]
[SourceVersion "1"]
[SourceVersionDate "2011.11.26"]
[SourceQuality "1"]

1. d4 e6 2. c4 b6 3. Nf3 Bb7 4. g3 Be7 5. Bg2 f5 6. Nc3 Nf6 7. O-O Ne4 8. Re1 Bb4 9. Qb3 Bxc3 10. bxc3 Nc6 11. Ba3 Na5 12. Qc2 c5 13. Bc1 Rf8 14. Qa4 Bd5 15. Bf1 Nd6 16. Ba3 Ne4 17. Bg2 Nd6 18. Bf1 Ke7 19. dxc5 Nc8 20. h3 g6 21. cxd5 g5 22. e3 0-1

[Event "Edmonton op"]
[Site "Edmonton CAN"]
[Date "2008.07.10"]
[Round "2"]
[White "Wihnon, Jason"]
[Black "Yamach, Ahmet"]
[Result "1/2-1/2"]
[WhiteElo "1754"]
[BlackElo "1916"]
[PlyCount "146"]
[GameId "2160767910354382"]
[EventDate "2008.07.03"]
[EventType "swiss"]
[EventRounds "5"]
[EventCountry "CAN"]
[SourceTitle "EXT 2011"]
[Source "ChessBase"]
[SourceDate "2011.11.26"]
[SourceVersion "1"]
[SourceVersionDate "2011.11.26"]
[SourceQuality "1"]

1. e4 g6 2. Nf3 Bg7 3. Bc4 e6 4. Nc3 Ne7 5. Qe2 d6 6. d4 c6 7. Bf4 b5 8. Bb3 a5 9. a4 b4 10. Nd1 O-O 11. O-O d5 12. Re1 Ba6 13. Qe3 Nd7 14. Bh6 Nb6 15. Bxg7 Kxg7 16. exd5 cxd5 17. Qe5+ Kg8 18. Ne3 Nc6 19. Qf4 Kg7 20. Ng4 Rh8 21. Nfe5 Nxe5 22. Qxe5+ f6 23. Qxe6 Re8 24. Qc6 Rxe1+ 25. Rxe1 h5 26. Ne3 Rc8 27. Qe6 Bb7 28. Nf5+ gxf5 29. Qe7+ Qxe7 30. Rxe7+ Kg6 31. Rxb7 Nc4 32. Rb5 Nd2 33. Rc5 Re8 34. f3 Nxb3 35. cxb3 Re3 36. Rxa5 Rxb3 37. Rxd5 Rxb2 38. Rb5 b3 39. a5 Rb1+ 40. Kf2 f4 41. a6 Rb2+ 42. Kf1 Ra2 43. Rxb3 Rxa6 44. Rb2 Ra1+ 45. Ke2 Rg1 46. Kd3 Kf5 47. Re2 h4 48. h3 Rd1+ 49. Kc4 Rc1+ 50. Kd5 Rc8 51. Re7 Rc2 52. Rg7 Rd2 53. Rg4 Re2 54. Kc6 Re6+ 55. Kc5 Re2 56. d5 Rc2+ 57. Kd6 Rd2 58. Kc6 Rc2+ 59. Kd7 Rd2 60. d6 Ke5 61. Ke7 Rxd6 62. Rxh4 Rd2 63. Rh5+ Kd4 64. Rf5 Ke3 65. h4 Rxg2 66. Kxf6 Kxf3 67. h5 Rh2 68. Kg7 Ke3 69. h6 f3 70. h7 f2 71. Re5+ Kd2 72. Rf5 Ke2 73. Re5+ Kd2 1/2-1/2

[Event "Edmonton op"]
[Site "Edmonton CAN"]
[Date "2008.07.17"]
[Round "3"]
[White "Asquith, Tom"]
[Black "Sequillion, Aaron"]
[Result "1/2-1/2"]
[WhiteElo "1753"]
[BlackElo "1810"]
[PlyCount "53"]
[GameId "2160767910354383"]
[EventDate "2008.07.03"]
[EventType "swiss"]
[EventRounds "5"]
[EventCountry "CAN"]
[SourceTitle "EXT 2011"]
[Source "ChessBase"]
[SourceDate "2011.11.26"]
[SourceVersion "1"]
[SourceVersionDate "2011.11.26"]
[SourceQuality "1"]

1. Nf3 c5 2. e4 Nc6 3. d4 cxd4 4. Nxd4 g6 5. c4 Bg7 6. Be3 Nf6 7. Nc3 d6 8. Be2 O-O 9. O-O Nxd4 10. Bxd4 Be6 11. f4 Qa5 12. b4 Qc7 13. Nd5 Nxd5 14. cxd5 Bxd4+ 15. Qxd4 Bd7 16. Rfc1 Qb8 17. Rc3 Rc8 18. Rac1 Rxc3 19. Rxc3 Qd8 20. Kf1 Rc8 21. Rxc8 Qxc8 22. Qc4 Kg7 23. Kf2 Qxc4 24. Bxc4 Kf6 25. Ke3 e5 26. g3 g5 27. f5 1/2-1/2

[Event "Edmonton op"]
[Site "Edmonton CAN"]
[Date "2008.07.17"]
[Round "3"]
[White "Cobos, Sygifredo"]
[Black "Seehagen, Terry"]
[Result "1/2-1/2"]
[WhiteElo "1700"]
[BlackElo "1636"]
[PlyCount "80"]
[GameId "2160767910354384"]
[EventDate "2008.07.03"]
[EventType "swiss"]
[EventRounds "5"]
[EventCountry "CAN"]
[SourceTitle "EXT 2011"]
[Source "ChessBase"]
[SourceDate "2011.11.26"]
[SourceVersion "1"]
[SourceVersionDate "2011.11.26"]
[SourceQuality "1"]

1. e4 d5 2. exd5 Nf6 3. Nf3 Nxd5 4. Bc4 Be6 5. O-O g6 6. Ng5 Bf5 7. Qf3 c6 8. Nc3 h6 9. Nxf7 Kxf7 10. Nxd5 cxd5 11. Bxd5+ Kg7 12. Bxb7 Nd7 13. Bxa8 Kh7 14. c3 Ne5 15. Qd5 Qb8 16. d4 Ng4 17. g3 Nf6 18. Qb7 Qd8 19. Re1 Bg7 20. Qxa7 Qxa8 21. Qxa8 Rxa8 22. Rxe7 Rb8 23. c4 Ne4 24. b3 Kg8 25. Bb2 Nd2 26. Kg2 Nxc4 27. Bc3 Nb6 28. Re2 Nd5 29. Bb2 Nb4 30. d5 Bxb2 31. Rxb2 Nxd5 32. a4 Nb4 33. Ra3 Nc2 34. Raa2 Nb4 35. Ra3 Nc2 36. Raa2 Nb4 37. Ra1 Nd3 38. Rbb1 Ne5 39. Re1 Nd3 40. Reb1 Ne5 1/2-1/2

[Event "Edmonton op"]
[Site "Edmonton CAN"]
[Date "2008.07.17"]
[Round "3"]
[White "Hughey, Micah"]
[Black "Laboucane, Randy"]
[Result "1-0"]
[WhiteElo "2207"]
[BlackElo "1865"]
[PlyCount "93"]
[GameId "2160767910354385"]
[EventDate "2008.07.03"]
[EventType "swiss"]
[EventRounds "5"]
[EventCountry "CAN"]
[SourceTitle "EXT 2011"]
[Source "ChessBase"]
[SourceDate "2011.11.26"]
[SourceVersion "1"]
[SourceVersionDate "2011.11.26"]
[SourceQuality "1"]

1. e4 c5 2. c3 d6 3. d4 Nf6 4. Bd3 Nc6 5. Nf3 cxd4 6. cxd4 Qb6 7. Nc3 a6 8. h3 e6 9. O-O Be7 10. Be3 Qc7 11. d5 Ne5 12. Nxe5 dxe5 13. Rc1 Qd8 14. Na4 Bd6 15. Nb6 exd5 16. Nxa8 d4 17. Nb6 Be6 18. Qa4+ Kf8 19. Bc4 dxe3 20. Bxe6 exf2+ 21. Kh2 Qxb6 22. Rc8+ Ke7 23. Rxh8 fxe6 24. Qc2 Bc5 25. Rc8 Bd4 26. Rc7+ Kf8 27. g4 Ne8 28. Rc8 Ke7 29. Kg2 Kd7 30. Rb8 Nd6 31. Rxf2 Bxf2 32. Qxf2 Qb4 33. Qc2 Qd4 34. Rg8 Ne8 35. Rf8 Ke7 36. Rf2 h5 37. Rd2 Qe3 38. Qd3 Qxd3 39. Rxd3 hxg4 40. hxg4 Nf6 41. Kf3 Ne8 42. Rc3 Kd7 43. Rc5 Kd6 44. Rc8 Kd7 45. Rb8 Nd6 46. Rg8 Ne8 47. g5 1-0

[Event "Edmonton op"]
[Site "Edmonton CAN"]
[Date "2008.07.17"]
[Round "3"]
[White "Mendryk, Wayne"]
[Black "Paton, Brandon"]
[Result "1/2-1/2"]
[WhiteElo "1436"]
[BlackElo "1316"]
[PlyCount "103"]
[GameId "2160767910354386"]
[EventDate "2008.07.03"]
[EventType "swiss"]
[EventRounds "5"]
[EventCountry "CAN"]
[SourceTitle "EXT 2011"]
[Source "ChessBase"]
[SourceDate "2011.11.26"]
[SourceVersion "1"]
[SourceVersionDate "2011.11.26"]
[SourceQuality "1"]

1. e4 c5 2. Nf3 a6 3. d4 cxd4 4. Nxd4 e5 5. Nf5 Nc6 6. a4 g6 7. Nd6+ Bxd6 8. Qxd6 Nf6 9. Nc3 h6 10. Bc4 Qe7 11. Qd1 d6 12. h3 Bd7 13. Be3 Nb4 14. Bb3 Nh5 15. Nd5 Nxd5 16. Bxd5 Rb8 17. Qf3 Nf6 18. c4 b5 19. cxb5 axb5 20. a5 Nxd5 21. exd5 e4 22. Qd1 Ra8 23. O-O Bc8 24. Re1 Ba6 25. Bb6 O-O 26. Re3 Rac8 27. Qd4 Rc4 28. Qd2 Rfc8 29. Rc3 Kh7 30. Rac1 f5 31. b3 Rxc3 32. Rxc3 Rxc3 33. Qxc3 f4 34. Qc7 Qxc7 35. Bxc7 e3 36. fxe3 fxe3 37. Bxd6 Kg7 38. Bb4 Kf7 39. Kf1 Bb7 40. Bc5 Bxd5 41. Bxe3 Bxb3 42. Bxh6 b4 43. Bd2 Bc4+ 44. Kf2 b3 45. Bc3 Ke6 46. g4 g5 47. Kg3 Kd6 48. h4 gxh4+ 49. Kxh4 Bd3 50. Kg5 Be2 51. Kf4 Bxg4 52. Kxg4 1/2-1/2

[Event "Edmonton op"]
[Site "Edmonton CAN"]
[Date "2008.07.17"]
[Round "3"]
[White "Motuz, Vitaly"]
[Black "Razzaq, Ali"]
[Result "1/2-1/2"]
[WhiteElo "1797"]
[BlackElo "1869"]
[PlyCount "121"]
[GameId "2160767910354387"]
[EventDate "2008.07.03"]
[EventType "swiss"]
[EventRounds "5"]
[EventCountry "CAN"]
[SourceTitle "EXT 2011"]
[Source "ChessBase"]
[SourceDate "2011.11.26"]
[SourceVersion "1"]
[SourceVersionDate "2011.11.26"]
[SourceQuality "1"]

1. e4 c6 2. d4 d5 3. Nc3 dxe4 4. Nxe4 Nd7 5. Bc4 Ngf6 6. Ng3 e6 7. Nf3 Be7 8. O-O O-O 9. Re1 b5 10. Bb3 Nb6 11. Ne5 Qc7 12. c4 bxc4 13. Nxc4 Nxc4 14. Bxc4 Bb7 15. Be3 c5 16. Rc1 Qc6 17. Bf1 Nd5 18. Bd2 Qb6 19. Nh5 cxd4 20. Bh6 gxh6 21. Qg4+ Bg5 22. h4 f5 23. Qg3 Kf7 24. hxg5 Rg8 25. Nf4 Rxg5 26. Nxd5 Bxd5 27. Rc7+ Kg8 28. Qe5 Rf8 29. Rec1 d3 30. Rc8 Qb4 31. R1c5 Rxc8 32. Rxc8+ Kf7 33. Rc7+ Kg6 34. Rg7+ Kh5 35. Qh2+ Qh4 36. Qxh4+ Kxh4 37. g3+ Kg4 38. Rxa7 Rh5 39. Rg7+ Kf3 40. Bxd3 Bxa2 41. b4 e5 42. b5 e4 43. Bf1 Rg5 44. Rxg5 hxg5 45. b6 Bd5 46. Ba6 e3 47. fxe3 Kxe3 48. b7 Bxb7 49. Bxb7 f4 50. gxf4 Kxf4 51. Bc8 h5 52. Kg2 g4 53. Bxg4 hxg4 54. Kf2 g3+ 55. Kg2 Kg4 56. Kg1 Kh3 57. Kh1 Kg4 58. Kg2 Kh4 59. Kg1 Kg4 60. Kg2 Kh4 61. Kg1 1/2-1/2

[Event "Edmonton op"]
[Site "Edmonton CAN"]
[Date "2008.07.17"]
[Round "3"]
[White "Nolan, Pat"]
[Black "Wu, Allan"]
[Result "0-1"]
[WhiteElo "1530"]
[BlackElo "1844"]
[PlyCount "74"]
[GameId "2160767910354388"]
[EventDate "2008.07.03"]
[EventType "swiss"]
[EventRounds "5"]
[EventCountry "CAN"]
[SourceTitle "EXT 2011"]
[Source "ChessBase"]
[SourceDate "2011.11.26"]
[SourceVersion "1"]
[SourceVersionDate "2011.11.26"]
[SourceQuality "1"]

1. d4 Nf6 2. c4 e6 3. Bg5 Be7 4. Nc3 O-O 5. Nf3 c5 6. e3 Nc6 7. a3 Qa5 8. Be2 Ne4 9. Bxe7 Nxc3 10. Qd2 Nxe7 11. bxc3 Qc7 12. e4 d5 13. e5 cxd4 14. cxd4 dxc4 15. Qb4 c3 16. Rc1 Nd5 17. Qb3 Bd7 18. Bc4 Nb6 19. Rxc3 Rfc8 20. Nd2 Ba4 21. Qa2 Bb5 22. Bxb5 Qxc3 23. O-O Qxd4 24. Nf3 Qc5 25. a4 Nd5 26. h3 Nc3 27. Qd2 Nxb5 28. axb5 Qxb5 29. Rc1 a5 30. Ng5 Rxc1+ 31. Qxc1 Qxe5 32. Nf3 Qd5 33. Qc7 f6 34. Qb6 a4 35. Nd4 Ra6 36. Qb4 Kf7 37. Nb5 Rb6 0-1

[Event "Edmonton op"]
[Site "Edmonton CAN"]
[Date "2008.07.17"]
[Round "3"]
[White "Pedersen, Rick"]
[Black "Wihnon, Jason"]
[Result "1-0"]
[WhiteElo "1865"]
[BlackElo "1737"]
[PlyCount "71"]
[GameId "2160767910354389"]
[EventDate "2008.07.03"]
[EventType "swiss"]
[EventRounds "5"]
[EventCountry "CAN"]
[SourceTitle "EXT 2011"]
[Source "ChessBase"]
[SourceDate "2011.11.26"]
[SourceVersion "1"]
[SourceVersionDate "2011.11.26"]
[SourceQuality "1"]

1. e4 e5 2. Nf3 Nc6 3. Bb5 f5 4. d3 Nf6 5. O-O Bc5 6. Bxc6 dxc6 7. Nxe5 fxe4 8. c3 Be6 9. Qe2 Qd5 10. d4 Bd6 11. Bf4 O-O 12. Nd2 Nd7 13. c4 Qxd4 14. Nb3 Qb6 15. Nxd7 Bxd7 16. c5 Bxc5 17. Qc4+ Kh8 18. Nxc5 Rxf4 19. Nxd7 Qxb2 20. Rab1 Qd2 21. Rbd1 Qb2 22. g3 e3 23. Qxf4 e2 24. Rd2 exf1=Q+ 25. Kxf1 Qb5+ 26. Kg2 Qa5 27. Ne5 h6 28. Nf7+ Kh7 29. Qe4+ Kg8 30. Rd7 Qh5 31. Nd8 Qg5 32. h4 Qf6 33. Qc4+ Kh7 34. Ne6 Re8 35. Qd3+ Kh8 36. Rxg7 1-0

[Event "Edmonton op"]
[Site "Edmonton CAN"]
[Date "2008.07.17"]
[Round "3"]
[White "Sekuloff, Mike"]
[Black "Johnson, Ron"]
[Result "0-1"]
[WhiteElo "1589"]
[BlackElo "1432"]
[PlyCount "56"]
[GameId "2160767910354390"]
[EventDate "2008.07.03"]
[EventType "swiss"]
[EventRounds "5"]
[EventCountry "CAN"]
[SourceTitle "EXT 2011"]
[Source "ChessBase"]
[SourceDate "2011.11.26"]
[SourceVersion "1"]
[SourceVersionDate "2011.11.26"]
[SourceQuality "1"]

1. b3 e5 2. Bb2 Nc6 3. Nf3 d6 4. e3 Bg4 5. Be2 Be7 6. O-O Bf6 7. Nc3 Nge7 8. Ne4 Ng6 9. d3 O-O 10. Nxf6+ Qxf6 11. Nd2 Bxe2 12. Qxe2 d5 13. f4 Qd6 14. fxe5 Ngxe5 15. a4 Nb4 16. Ba3 c5 17. Bxb4 cxb4 18. e4 Qc5+ 19. Kh1 Qxc2 20. exd5 Nxd3 21. Rac1 Nxc1 22. Qe3 Nd3 23. Ne4 Qxb3 24. Qg5 f5 25. Nd6 Ne5 26. Nxf5 Ng6 27. d6 Qd3 28. g4 Qxf1# 0-1

[Event "Edmonton op"]
[Site "Edmonton CAN"]
[Date "2008.07.17"]
[Round "3"]
[White "Thompson, Peter"]
[Black "Stark, Mark"]
[Result "1/2-1/2"]
[WhiteElo "1786"]
[BlackElo "1955"]
[PlyCount "76"]
[GameId "2160767910354391"]
[EventDate "2008.07.03"]
[EventType "swiss"]
[EventRounds "5"]
[EventCountry "CAN"]
[SourceTitle "EXT 2011"]
[Source "ChessBase"]
[SourceDate "2011.11.26"]
[SourceVersion "1"]
[SourceVersionDate "2011.11.26"]
[SourceQuality "1"]

1. e4 e6 2. Nf3 c5 3. g3 Nc6 4. Bg2 d6 5. Nc3 Be7 6. d3 a6 7. a4 Bd7 8. O-O g5 9. Be3 h5 10. d4 g4 11. Ne1 Qc7 12. d5 Ne5 13. dxe6 fxe6 14. Qe2 O-O-O 15. Rb1 Nf6 16. Bf4 h4 17. Bxe5 dxe5 18. Qc4 Rh6 19. Nd3 Rdh8 20. a5 hxg3 21. hxg3 Nh7 22. Rfd1 Ng5 23. b4 Nf3+ 24. Kf1 cxb4 25. Qxc7+ Kxc7 26. Nxb4 Bc5 27. Nd3 Bd4 28. Ne2 Bb5 29. Nxd4 exd4 30. Ke2 Rh2 31. Bxf3 gxf3+ 32. Kxf3 Bxd3 33. Rxd3 Rf8+ 34. Kg4 Rfxf2 35. Rxd4 Rxc2 36. Rdb4 Rc5 37. Rxb7+ Kd6 38. Rd1+ Ke5 1/2-1/2

[Event "Edmonton op"]
[Site "Edmonton CAN"]
[Date "2008.07.17"]
[Round "3"]
[White "Zeggelaar, Mike"]
[Black "He, David"]
[Result "1-0"]
[WhiteElo "1735"]
[BlackElo "1143"]
[PlyCount "27"]
[GameId "2160767910354393"]
[EventDate "2008.07.03"]
[EventType "swiss"]
[EventRounds "5"]
[EventCountry "CAN"]
[SourceTitle "EXT 2011"]
[Source "ChessBase"]
[SourceDate "2011.11.26"]
[SourceVersion "1"]
[SourceVersionDate "2011.11.26"]
[SourceQuality "1"]

1. e4 e5 2. Nf3 Nc6 3. Bb5 a6 4. Ba4 Nf6 5. O-O d5 6. Nxe5 Qd6 7. Nxc6 bxc6 8. e5 Qd8 9. exf6 Qxf6 10. Re1+ Be7 11. Qe2 Bf5 12. Bxc6+ Kf8 13. Bxa8 Bd6 14. Qe8# 1-0

[Event "Edmonton op"]
[Site "Edmonton CAN"]
[Date "2008.07.24"]
[Round "4"]
[White "He, David"]
[Black "Paton, Brandon"]
[Result "0-1"]
[WhiteElo "1143"]
[BlackElo "1316"]
[PlyCount "46"]
[GameId "2160767910354394"]
[EventDate "2008.07.03"]
[EventType "swiss"]
[EventRounds "5"]
[EventCountry "CAN"]
[SourceTitle "EXT 2011"]
[Source "ChessBase"]
[SourceDate "2011.11.26"]
[SourceVersion "1"]
[SourceVersionDate "2011.11.26"]
[SourceQuality "1"]

1. e4 c5 2. Nf3 a6 3. Nc3 Nc6 4. Bc4 e6 5. O-O Bd6 6. d3 b5 7. Bb3 Bb7 8. Bg5 f6 9. Bh4 Qc7 10. Re1 O-O-O 11. Qd2 Nh6 12. a3 Ng4 13. Kf1 Nxh2+ 14. Nxh2 Bxh2 15. Ke2 Nd4+ 16. Kd1 Rhf8 17. Ba2 f5 18. Qg5 g6 19. Qh6 c4 20. Qg7 Qf4 21. Be7 Qg4+ 22. f3 Qxg2 23. Bxf8 Qxc2# 0-1

[Event "Edmonton op"]
[Site "Edmonton CAN"]
[Date "2008.07.24"]
[Round "4"]
[White "Johnson, Ron"]
[Black "Mrugala, Jonathan"]
[Result "0-1"]
[WhiteElo "1432"]
[BlackElo "1736"]
[PlyCount "70"]
[GameId "2160767910354395"]
[EventDate "2008.07.03"]
[EventType "swiss"]
[EventRounds "5"]
[EventCountry "CAN"]
[SourceTitle "EXT 2011"]
[Source "ChessBase"]
[SourceDate "2011.11.26"]
[SourceVersion "1"]
[SourceVersionDate "2011.11.26"]
[SourceQuality "1"]

1. e4 g6 2. Nf3 Bg7 3. d4 d6 4. Bb5+ Bd7 5. Bxd7+ Nxd7 6. O-O c5 7. c3 Qc7 8. Bf4 Qb6 9. Qd2 Ngf6 10. Re1 O-O 11. Na3 Rac8 12. e5 Nd5 13. Nc4 Qa6 14. b3 Nxf4 15. Qxf4 b5 16. Ne3 cxd4 17. cxd4 dxe5 18. dxe5 Rc5 19. Ng4 h5 20. Nh6+ Kh7 21. Ng5+ Kh8 22. Nhxf7+ Kg8 23. Qe4 Nxe5 24. Rac1 Rxc1 25. Rxc1 Nxf7 26. Ne6 Rc8 27. Rxc8+ Qxc8 28. h4 Kh7 29. f4 Qc1+ 30. Kh2 Qf1 31. Nxg7 Kxg7 32. Qf3 Qxf3 33. gxf3 Kf6 34. Kg2 Kf5 35. Kg3 Nd8 0-1

[Event "Edmonton op"]
[Site "Edmonton CAN"]
[Date "2008.07.24"]
[Round "4"]
[White "Laboucane, Randy"]
[Black "Yamach, Ahmet"]
[Result "0-1"]
[WhiteElo "1865"]
[BlackElo "1980"]
[PlyCount "70"]
[GameId "2160767910354396"]
[EventDate "2008.07.03"]
[EventType "swiss"]
[EventRounds "5"]
[EventCountry "CAN"]
[SourceTitle "EXT 2011"]
[Source "ChessBase"]
[SourceDate "2011.11.26"]
[SourceVersion "1"]
[SourceVersionDate "2011.11.26"]
[SourceQuality "1"]

1. d4 d5 2. Nf3 g6 3. Bf4 Bg7 4. Nc3 c6 5. e3 Bg4 6. Be2 Bxf3 7. Bxf3 Nf6 8. h4 h6 9. Qd3 Na6 10. a3 Nd7 11. Bg4 f5 12. Bh3 e5 13. dxe5 Bxe5 14. O-O-O Nac5 15. Qd2 h5 16. Bxe5 Nxe5 17. Qd4 Qd6 18. b4 Ne6 19. Qd2 O-O-O 20. Qe2 Qe7 21. g3 Kb8 22. Rhe1 Nc4 23. Nb1 Nc7 24. c3 Qe5 25. Qd3 a5 26. Qd4 Qe7 27. Bf1 Ne6 28. Qd3 axb4 29. axb4 Kc7 30. Qc2 b5 31. Bxc4 bxc4 32. Na3 Ra8 33. Qb2 Rhb8 34. Nc2 Nc5 35. Re2 Nd3+ 0-1

[Event "Edmonton op"]
[Site "Edmonton CAN"]
[Date "2008.07.24"]
[Round "4"]
[White "Motuz, Vitaly"]
[Black "Hughey, Micah"]
[Result "0-1"]
[WhiteElo "2218"]
[BlackElo "2207"]
[PlyCount "150"]
[GameId "2160767910354397"]
[EventDate "2008.07.03"]
[EventType "swiss"]
[EventRounds "5"]
[EventCountry "CAN"]
[SourceTitle "EXT 2011"]
[Source "ChessBase"]
[SourceDate "2011.11.26"]
[SourceVersion "1"]
[SourceVersionDate "2011.11.26"]
[SourceQuality "1"]

1. e4 e5 2. Nf3 Nc6 3. Bc4 Nf6 4. Ng5 d5 5. exd5 Na5 6. Bb5+ c6 7. dxc6 bxc6 8. Qf3 Rb8 9. Bd3 Bd6 10. Nc3 O-O 11. O-O c5 12. Nd5 Nxd5 13. Bxh7+ Kh8 14. Nxf7+ Rxf7 15. Qxf7 Nf4 16. Be4 Rb4 17. d3 Rb7 18. Bxb7 Be6 19. Bd5 Bxf7 20. Bxf7 Qg5 21. Bd5 Qf6 22. Bxf4 exf4 23. Rae1 Qxb2 24. Re8+ Kh7 25. Be4+ Kh6 26. Re6+ Kg5 27. Rxd6 Qxc2 28. Rg6+ Kh5 29. Rxg7 Qxa2 30. Rxa7 Qd2 31. Rh7+ Kg5 32. Rg7+ Kf6 33. Rg6+ Kf7 34. Ra6 Ke7 35. Ra1 Nb3 36. R6a2 Qc3 37. Ra7+ Kd8 38. Rb1 Qc2 39. Rf1 c4 40. Ra8+ Kc7 41. Ra7+ Kd8 42. Ra8+ Kc7 43. Bf5 Kb6 44. Rc8 Nd2 45. Re1 f3 46. g3 c3 47. h4 Nb3 48. g4 Qd2 49. Rb1 Ka7 50. Rc7+ Kb6 51. Rc4 c2 52. Rxb3+ Ka5 53. Ra3+ Kb6 54. Rb3+ Ka5 55. Ra3+ Kb6 56. Rxc2 Qxc2 57. Ra1 Qc3 58. Rb1+ Kc7 59. Be4 Qf6 60. g5 Qf4 61. Rb7+ Kc8 62. Rh7 Qg4+ 63. Kf1 Qg2+ 64. Ke1 Qg1+ 65. Kd2 Qxf2+ 66. Kc3 Qe1+ 67. Kc4 f2 68. Bf5+ Kb8 69. Rh8+ Kc7 70. Rh7+ Kd8 71. Rh8+ Ke7 72. Rh7+ Kf8 73. Bh3 Qh1 74. Be6 Qc6+ 75. Kd4 Qxe6 0-1

[Event "Edmonton op"]
[Site "Edmonton CAN"]
[Date "2008.07.24"]
[Round "4"]
[White "Nolan, Pat"]
[Black "Mendryk, Wayne"]
[Result "1-0"]
[WhiteElo "1530"]
[BlackElo "1436"]
[PlyCount "67"]
[GameId "2160767910354398"]
[EventDate "2008.07.03"]
[EventType "swiss"]
[EventRounds "5"]
[EventCountry "CAN"]
[SourceTitle "EXT 2011"]
[Source "ChessBase"]
[SourceDate "2011.11.26"]
[SourceVersion "1"]
[SourceVersionDate "2011.11.26"]
[SourceQuality "1"]

1. d4 Nf6 2. c4 e6 3. Bg5 Be7 4. e3 d5 5. Nf3 Nbd7 6. Nc3 b6 7. Bd3 Bb7 8. O-O O-O 9. Rc1 c5 10. cxd5 exd5 11. Re1 h6 12. Bf4 Rc8 13. h3 Re8 14. Bf5 Rc6 15. Qb3 Bd6 16. Bxd6 Rxd6 17. dxc5 Nxc5 18. Qd1 a6 19. Qd4 Nfe4 20. Red1 g6 21. Bxe4 Nxe4 22. Nxe4 Rxe4 23. Qd3 Re7 24. Qd4 Re4 25. Qd3 b5 26. Rc5 Rc4 27. Rc1 Rxc1+ 28. Rxc1 Rc6 29. Rxc6 Bxc6 30. Qc3 Qd6 31. Ne5 Bb7 32. Qd4 Kh7 33. Nxf7 Qc7 34. Qh8# 1-0